| 000 | 00507nam a2200181 a 4500 | ||
|---|---|---|---|
| 001 | 000026037 | ||
| 005 | 20200930024241.0 | ||
| 008 | 110217s1944 sp r 000 | spa d | ||
| 040 |
_aDO-SdBNP _bspa _cBNPHU |
||
| 082 |
_aNNN _bP829v |
||
| 245 | 1 | 0 |
_aPopol vuh o El libro del consejo / _cLuis Miguel Baudizzone. |
| 260 |
_aBuenos Aires : _bNova, _c1944. |
||
| 300 |
_a102 p. ; _c20 cm. |
||
| 490 | 1 | _aMar Dulce | |
| 700 | 1 |
_aBaudizzone , Luis Miguel , _952973 |
|
| 830 | 0 |
_aMar Dulce _952974 |
|
| 049 | _aBNGR | ||
| 999 |
_c25529 _d25529 |
||